00777nam a2200193 i 4500001000700000003000900007005001700016007000300033008004100036245010900077260005400186300004200240651003700282700003900319700004700358852003800405999001900443952012100462189877ES-MaACL20251001181039.0t|191216s19131914xxkb |||| | eng d04aThe political history of England b: in twelve volumes / cedited by William Hunt and Reginald L. Poole. aLondon : bLongmans, Green, and Co., c1913-1914. a12 v. con mapas col. pleg. ; c23 cm. 4aGran Bretaña-xHistoria.987521 aHunt, William, d1842-193191691211 aPoole, Reginald Lane (d1857-1939)9169122 aES-MaACLjB-103-14 z- Enc. cart. c189877d189877 00104070aATENEOMbATENEOMcSPBd2019-12-16eSCl0oB-103-14p1201410r2023-02-23 00:00:00w2023-02-23yMONOGRAFIA